Southville International School and Colleges
Your cart is empty.
  • Cart
  • Lists
    Public lists Eva Luna New books Lux_list list_1
    Your lists Log in to create your own lists
  • Log in to your account
  • Your cookies
  • Search history
Southville International School and Colleges
  • Advanced search
  • Recent comments
  • Most popular
  • Libraries

Log in to your account

Log in with GOOGLE


If you do not have an external account, but do have a local account, you can still log in:

  1. Home
  2. MARC view: The world history workbook /
Normal view MARC view ISBD view

The world history workbook / (Record no. 24754)

[ view plain ]
MARC details
000 -LEADER
fixed length control field 00537nam a2200193 a 4500
003 - CONTROL NUMBER IDENTIFIER
control field PILC
005 - DATE AND TIME OF LATEST TRANSACTION
control field 20160222093639.0
008 - FIXED-LENGTH DATA ELEMENTS--GENERAL INFORMATION
fixed length control field 110818s19uu xx 00 eng d
020 ## - INTERNATIONAL STANDARD BOOK NUMBER
International Standard Book Number 9780742557765
050 ## - LIBRARY OF CONGRESS CALL NUMBER
Classification number D 21
Item number .H56 2009 vol.2
100 ## - MAIN ENTRY--PERSONAL NAME
Personal name Hertzel, David.
245 ## - TITLE STATEMENT
Title The world history workbook /
Statement of responsibility, etc David Hertzel.
260 ## - PUBLICATION, DISTRIBUTION, ETC. (IMPRINT)
Place of publication, distribution, etc lanham :
Name of publisher, distributor, etc Rowman Littlefield Publishing,
Date of publication, distribution, etc 2009.
300 ## - PHYSICAL DESCRIPTION
Extent 133 pages ;
Dimensions 25 cm.
500 ## - GENERAL NOTE
General note Includes glossary.
650 ## - SUBJECT ADDED ENTRY--TOPICAL TERM
Topical term or geographic name as entry element History
General subdivision Workbook
942 ## - ADDED ENTRY ELEMENTS (KOHA)
Koha item type Books
Source of classification or shelving scheme Library of Congress Classification
Call number prefix Foreign
Holdings
Withdrawn status Lost status Source of classification or shelving scheme Materials specified (bound volume or other part) Damaged status Home library Current library Shelving location Date acquired Source of acquisition Total Checkouts Full call number Barcode Date last seen Copy number Price effective from Koha item type
    Library of Congress Classification vol.2   College Library College Library General Circulation Section 08/18/2011 Library Fund   D 21 .H56 2009 vol.2 C13216 05/15/2018 1 03/10/2014 Books

The world history workbook /

APA

Hertzel D., . (2009). The world history workbook. lanham: Rowman Littlefield Publishing.

Chicago

Hertzel David, . 2009. The world history workbook. lanham: Rowman Littlefield Publishing.

Harvard

Hertzel D., . (2009). The world history workbook. lanham: Rowman Littlefield Publishing.

MLA

Hertzel David, . The world history workbook. lanham: Rowman Littlefield Publishing. 2009.

  • Place hold
  • Print
  • Cite
  • Add to your cart (remove)
  • Save record
    BIBTEX Dublin Core MARCXML MARC (non-Unicode/MARC-8) MARC (Unicode/UTF-8) MARC (Unicode/UTF-8, Standard) MODS (XML) RIS
  • More searches
    Search for this title in:
    Other Libraries (WorldCat) Other Databases (Google Scholar) Online Stores (Bookfinder.com) Open Library (openlibrary.org)

Exporting to Dublin Core...

SOUTHVILLE LIBRARY

Southville International School and Colleges Library

1281 Tropical Ave. Cor. Luxembourg St., BF Homes International, Las Pinas City

Tel. No. 8256374 / 252358 Loc. 117/146

Powered by Koha